MARC

LEADER 00000n m0a2200000 4500
001 168547
005 20231031163131.0
010 |a 5283030105 
035 |a (RuTPU)RU\TPU\book\182861 
090 |a 168547 
100 |a 20091029d1991 m y0rusy50 ca 
101 0 |a rus 
102 |a RU 
105 |a a z 001zy 
200 1 |a Гексафториды актиноидов  |f В. А. Зуев, В. Т. Орехов 
210 |a Москва  |c Энергоатомиздат  |d 1991 
215 |a 237 с.  |c ил. 
320 |a Библиогр.: с. 224-234. 
610 1 |a гексафториды актиноидов 
610 1 |a получение 
610 1 |a разделение 
610 1 |a очистка 
610 1 |a физико-химические свойства 
610 1 |a термодинамические свойства 
610 1 |a химические свойства 
610 1 |a неорганические соединения 
610 1 |a взаимодействие 
610 1 |a химические реакции 
675 |a 621.039.543  |v 3 
700 1 |a Зуев  |b В. А.  |g Владислав Алексеевич 
701 1 |a Орехов  |b В. Т.  |g Валентин Тимофеевич 
801 1 |a RU  |b 63413507  |c 20091029 
801 2 |a RU  |b 63413507  |c 20110620  |g RCR 
942 |c BK